El Chile del bicentenario /

Este libro propone un “balance crítico” de la historia republicana de Chile, bajo el aliciente de la proximidad del Bicentenario. Teniendo en cuenta la historia de los últimos cien años, aquí se ofrecen diagnósticos sobre la condición actual de la sociedad chilena, en los ámbitos de la educación, la...

Full description

Bibliographic Details
Other Authors: Figueroa Muñoz, Maximiliano (coord.), Vicuña, Manuel (coord.)
Format: Libro
Language:Spanish
Published: Santiago, Chile Universidad Diego Portales 2008
Edition:1a. ed.
Series:Aportes para el debate
Subjects:
Online Access:

MARC

LEADER 00000cam a2200000 a 4500
001 012483
003 UAHC_CL
005 20170803120920.0
008 111111s2008 cl 000 spa
020 |a 9789563140354 
040 |a UAHC_CL  |c UAHC_CL  |d UAHC_CL 
082 0 4 |a 361.25  |b C537  |2 21 
245 1 3 |a El Chile del bicentenario /  |c Maximiliano Figueroa y Manuel Vicuña coordinadores. 
250 |a 1a. ed. 
260 |b Universidad Diego Portales  |a Santiago, Chile  |c 2008 
300 |a 309 p. 
490 0 |a Aportes para el debate 
520 |a Este libro propone un “balance crítico” de la historia republicana de Chile, bajo el aliciente de la proximidad del Bicentenario. Teniendo en cuenta la historia de los últimos cien años, aquí se ofrecen diagnósticos sobre la condición actual de la sociedad chilena, en los ámbitos de la educación, la cultura y la política. Asumiendo, desde diferentes perspectivas, los desafíos ético-políticos de la vida democrática en una sociedad moderna, los autores de este libro imaginan y sugieren caminos en la dirección de una nación mejor capacitada para saldar las deudas históricas con su ciudadanía. 
650 4 |a EDUCACION  |z CHILE  |y SIGLO 21 
651 4 |a CHILE  |x POLITICA SOCIAL 
651 4 |a CHILE  |x POLITICA CULTURAL 
700 1 |a Figueroa Muñoz, Maximiliano  |e coord. 
700 1 |a Vicuña, Manuel  |e coord. 
900 |a 361.25 CHIL 
942 |c BK 
952 |0 0  |1 0  |4 0  |6 361_250000000000000_CHIL  |7 0  |8 General  |9 25370  |a BC  |b BC  |c General  |d 2017-08-03  |l 0  |o 361.25 CHIL  |p 1390752  |r 2026-01-13 00:00:00  |t 1  |w 2017-08-03  |y BK 
999 |c 12483  |d 12483